What If...? (2021-2024): Characters by Picture - Statistics

General Stats
  • This quiz has been taken 65 times
    18 since last reset
  • The average score is 43 of 79
Answer Stats
Picture Answer % Correct
Doctor Strange Supreme
100%
Party Prince Thor
100%
Black Widow
93%
Gamora
93%
Infinity Killmonger
93%
Infinity Ultron
93%
Star-Lord
93%
Zombie Hunter Spider-Man
93%
Red Skull
86%
Captain Carter
79%
Merciful Hela
79%
sir Nicholas Fury
79%
Uatu the Watcher
79%
Vision
79%
Yellowjacket
79%
Black Panther
71%
Celestial Peter Quill
71%
Collector
71%
Frost Giant Loki
71%
HYDRA Stomper
71%
Maria Hill
71%
Sakaarian Iron Man
71%
Super Nova Nebula
71%
Zombie Hunter Ant-Man
71%
Zombie Thanos
71%
Arnim Zola
64%
Hawkeye
64%
Red Guardian
64%
Surtur
64%
Thaddeus Ross
64%
The Ancient One
64%
Yondu Udonta
64%
Zombie Wanda
64%
Agent Phil Coulson
57%
Celestial Invader Ego
57%
Cosmic Queen Agatha Harkness
57%
Director Howard Stark
57%
Freak
57%
Howard the Duck
57%
Jane Foster
57%
Mega-Hulk
57%
Post-Emergence White Vision
57%
Ten Rings
57%
Weaponized Cyborg Rocket Raccoon
57%
Wild West Hawkeye
57%
Darcy the Duck
50%
Goddess of Thunder Storm
50%
Grandmaster
50%
Mandarin
50%
Mech Avenger Monica Rambeau
50%
Mech Avenger Moon Knight
50%
Valkyrie
50%
Christine Palmer
43%
Kahhori
43%
Nova Centurion Captain Marvel
43%
Nova Prime Irani Rael
43%
Post-Emergence Ironheart
43%
The Destroyer Automaton
43%
The Hammer
43%
Arishem the Judge
36%
S.H.I.E.L.D. Agent Goliath
36%
Edwin Jarvis
29%
Iron Man Kingo
29%
Korath the Pursuer
29%
Mech Avenger Nakia
29%
Red Room Leader Melina Vostokoff
29%
Secretary Bucky Barnes
29%
Hope Van Dyne
21%
Iron Fist Kwai Jun-Fan
21%
Post-Emergence Mysterio
21%
Rook
21%
The Hood Xu Xialing
21%
Wild West John F. Walker
21%
Yon-Rogg
21%
Byrdie the Duck
14%
Eminence
14%
Executioner
7%
Incarnate
7%
O'Bengh
7%
No matching quizzes found
Score Distribution
Percent of People with Each Score
Percentile by Number Answered
Your Score History
You have not taken this quiz since the last reset